|
|
|
|
| LEADER |
01076nam a22002777a 4500 |
| 001 |
38825 |
| 003 |
BD-DhAAL |
| 008 |
220803t2016 bg b 001 0 eng d |
| 999 |
|
|
|c 44726
|d 44726
|
| 010 |
|
|
|a 94901249
|
| 020 |
|
|
|a 9789849144892
|
| 040 |
|
|
|a BD-DhAAL
|c BD-DhAAL
|
| 082 |
0 |
0 |
|a 352.05492
|2 22
|
| 245 |
0 |
0 |
|a Local government in Bangladesh /
|c edited by Kamal Siddiqui and Jamshed Ahmed
|
| 250 |
|
|
|a Revised fifth edition
|
| 260 |
|
|
|a Dhaka :
|b Academic Press,
|c 2016.
|
| 300 |
|
|
|a xxiv, 769 pages ;
|c 22 cm.
|
| 504 |
|
|
|a Includes bibliographical references (pages [688]-751) and index.
|
| 541 |
1 |
|
|a Donated By Akbar Ali Khan
|e 38825
|
| 650 |
|
0 |
|a Local government
|z Bangladesh.
|9 40063
|
| 651 |
|
|
|a Bangladesh
|x Politics and government.
|9 50545
|
| 700 |
1 |
|
|a Siddiqui, Kamal.
|9 40064
|
| 700 |
1 |
|
|a Ahmed, Jamshed
|9 50546
|
| 852 |
4 |
|
|a Ayesha Abed Library
|c General Stacks
|
| 942 |
|
|
|2 ddc
|c BK
|
| 952 |
|
|
|0 0
|1 0
|2 ddc
|4 0
|6 352_054920000000000_LOC
|7 1
|9 71450
|a BRACUL
|b BRACUL
|c AAKC
|d 2022-08-03
|e Donated by Akbar Ali Khan
|l 0
|o 352.05492 LOC
|p 3010038825
|r 2022-08-03
|t 1
|w 2022-08-03
|y BK
|